| 000 | 01407cam a22003854i 4500 | ||
|---|---|---|---|
| 003 | PE-LiUPU | ||
| 005 | 20250731173227.0 | ||
| 008 | 150625s r 000 0 d | ||
| 040 |
_aPE-LiUPU _bspa _cPE-LiUPU _erda |
||
| 049 | _aPRUA | ||
| 082 | 0 | 4 |
_a232 _bM357j _223 |
| 100 | 1 |
_aMarquis, Juan A., _eautor. |
|
| 245 | 1 | 0 |
_aJesus el maestro ideal / _cJuan A. Marquis. |
| 264 | 1 |
_aBuenos Aires : _bAsociación Mundial de Escuelas Dominicales, _c[197-] |
|
| 300 |
_a64 páginas ; _c18 centímetros. |
||
| 336 |
_atext _2rdacontent |
||
| 337 |
_aunmediated _2rdamedia |
||
| 338 |
_avolume _2rdacarrier |
||
| 505 | 0 | _aEl concepto que tenía Jesús de su misión -- El propósito de Jesús en su enseñanza -- Cómo Jesús formaba sus clases -- La preparación de Jesús como maestro -- La importancia del método en la escuela dominical -- El éxito de Jesús como maestro -- Obstáculos que encontraba Jesús como maestro -- El entusiasmo de Jesús como maestro -- La personalidad del maestro -- Cómo Jesús formaba maestros. | |
| 526 | _aSEG42 | ||
| 526 | _aSEG41 | ||
| 526 | _aSEG40 | ||
| 526 | _aSEG39 | ||
| 526 | _aP94 | ||
| 526 | _aP87 | ||
| 526 | _aP86 | ||
| 526 | _aP85 | ||
| 526 | _aP77 | ||
| 526 | _aP76 | ||
| 526 | _aP35 | ||
| 600 | 0 |
_aJesucristo _xPedagogía. _94663 |
|
| 942 |
_2ddc _cBK |
||
| 999 |
_c42068 _d42068 |
||
| 980 |
_81 _gALBERTO SANCHEZ Responsable de Automatización |
||